[Event "Prague op-A 08th"]
[Site "Prague"]
[Date "2009.01.16"]
[Round "9"]
[White "Pochinkov, Andrey"]
[Black "Grete, Mogens"]
[Result "0-1"]
[WhiteElo "2186"]
[BlackElo "2037"]
[PlyCount "46"]
[EventDate "2009.01.09"]
[EventType "swiss"]
[EventRounds "9"]
[EventCountry "CZE"]
[SourceTitle "CBM 128 Extra"]
[Source "ChessBase"]
[SourceDate "2009.03.05"]
[SourceVersion "2"]
[SourceVersionDate "2009.03.25"]
[SourceQuality "1"]

1. Nf3 Nf6 2. b3 g6 3. Bb2 Bg7 4. e4 d6 5. d3 0-0 6. Nbd2 c5 7. g3 Nc6 8. Bg2 e5 9. 0-0 Ne8 10. Ne1 f5 11. f4 exf4 12. Bxg7 Nxg7 13. gxf4 Nh5 14. e5 dxe5 15. Bxc6 bxc6 16. fxe5 Qd4+ 17. Rf2 Qxe5 18. Nc4 Qf6 19. Nf3 Nf4 20. Kh1 Re8 21. Qf1 Be6 22. Nce5 Bd5 23. Re1 Rxe5 0-1

[Event "Prague op 05th"]
[Site "Prague"]
[Date "2006.01.16"]
[Round "4"]
[White "Grete, Mogens"]
[Black "Weinwurm, Wolfgang"]
[Result "0-1"]
[WhiteElo "2117"]
[BlackElo "2127"]
[PlyCount "66"]
[EventDate "2006.01.13"]
[EventType "swiss"]
[EventRounds "9"]
[EventCountry "CZE"]
[SourceTitle "CBM 110 Extra"]
[Source "ChessBase"]
[SourceDate "2006.03.10"]
[SourceVersion "2"]
[SourceVersionDate "2006.03.10"]
[SourceQuality "1"]

1. c4 Nf6 2. Nc3 g6 3. d4 Bg7 4. e4 d6 5. Be2 0-0 6. Be3 Nbd7 7. f4 e5 8. dxe5 dxe5 9. f5 c6 10. g4 Qa5 11. Kf1 Nc5 12. Qc2 Rd8 13. a3 Na6 14. Rb1 Bd7 15. Nh3 b5 16. cxb5 cxb5 17. g5 Ne8 18. Nd5 Bf8 19. Bd2 b4 20. Qc4 Bxf5 21. exf5 Rxd5 22. fxg6 hxg6 23. Be3 Nac7 24. axb4 Bxb4 25. Rc1 Bd2 26. Bxd2 Rxd2 27. Nf2 Rd4 28. Qc6 Rb8 29. Bc4 Rb6 30. Qf3 Rf4 31. Qd3 Rd6 32. Qb3 Qd2 33. Bxf7+ Kg7 0-1

[Event "Prague op 05th"]
[Site "Prague"]
[Date "2006.01.13"]
[Round "1"]
[White "Klecker, Tadeas"]
[Black "Grete, Mogens"]
[Result "1/2-1/2"]
[WhiteElo "1871"]
[BlackElo "2117"]
[PlyCount "50"]
[EventDate "2006.01.13"]
[EventType "swiss"]
[EventRounds "9"]
[EventCountry "CZE"]
[SourceTitle "CBM 110 Extra"]
[Source "ChessBase"]
[SourceDate "2006.03.10"]
[SourceVersion "2"]
[SourceVersionDate "2006.03.10"]
[SourceQuality "1"]

1. d4 Nf6 2. c4 e6 3. Nc3 d5 4. Bg5 Nbd7 5. e3 Be7 6. cxd5 exd5 7. Bd3 0-0 8. Nf3 h6 9. Bh4 c5 10. 0-0 Kh8 11. dxc5 Nxc5 12. Be2 g5 13. Bg3 Be6 14. Nd4 Bd6 15. Bxd6 Qxd6 16. Ndb5 Qe5 17. Qd4 Qxd4 18. Nxd4 Rac8 19. Rac1 Nfe4 20. Nxe4 Nxe4 21. Nb3 Rxc1 22. Rxc1 Rc8 23. Rxc8+ Bxc8 24. Nd4 a6 25. Kf1 Kg7 1/2-1/2

[Event "Prague op-A 04th"]
[Site "Prague"]
[Date "2005.01.15"]
[Round "2"]
[White "Grete, Mogens"]
[Black "Andersen, Daniel"]
[Result "1-0"]
[WhiteElo "2101"]
[BlackElo "2042"]
[PlyCount "27"]
[EventDate "2005.01.14"]
[EventType "swiss"]
[EventRounds "9"]
[EventCountry "CZE"]
[SourceTitle "CBM 104 Extra"]
[Source "ChessBase"]
[SourceDate "2005.03.01"]
[SourceVersion "1"]
[SourceVersionDate "2005.03.01"]
[SourceQuality "1"]

1. c4 Nf6 2. Nc3 d5 3. cxd5 Nxd5 4. e4 Nxc3 5. bxc3 g6 6. d4 Bg7 7. Be3 0-0 8. Bc4 c5 9. Ne2 Nc6 10. 0-0 Bd7 11. Rb1 cxd4 12. cxd4 a6 13. d5 Na5 14. Bb6 1-0

[Event "Prague op-A 04th"]
[Site "Prague"]
[Date "2005.01.14"]
[Round "1"]
[White "Vokac, Marek"]
[Black "Grete, Mogens"]
[Result "1-0"]
[WhiteElo "2476"]
[BlackElo "2101"]
[PlyCount "84"]
[EventDate "2005.01.14"]
[EventType "swiss"]
[EventRounds "9"]
[EventCountry "CZE"]
[SourceTitle "CBM 104 Extra"]
[Source "ChessBase"]
[SourceDate "2005.03.01"]
[SourceVersion "1"]
[SourceVersionDate "2005.03.01"]
[SourceQuality "1"]

1. Nf3 d5 2. c4 e6 3. d4 Nf6 4. Nc3 Be7 5. Bg5 0-0 6. e3 h6 7. Bxf6 Bxf6 8. Rc1 c6 9. Bd3 Nd7 10. 0-0 dxc4 11. Bxc4 e5 12. h3 exd4 13. exd4 Nb6 14. Bb3 Re8 15. Re1 Rxe1+ 16. Qxe1 Bf5 17. Ne5 Bxe5 18. Qxe5 Qd7 19. Re1 Rd8 20. Re3 Bg6 21. Ne2 Nd5 22. Bxd5 Qxd5 23. Qe7 Qd7 24. Qa3 a6 25. Re7 Qc8 26. Qe3 Kf8 27. Nf4 Bb1 28. a4 b5 29. a5 Rxd4 30. Rxf7+ Kxf7 31. Qxd4 c5 32. Qd5+ Ke7 33. Qe5+ Kf7 34. Nd5 b4 35. Qe7+ Kg8 36. Nc7 Qb7 37. Qxc5 Be4 38. f3 Bd3 39. Qd5+ Qxd5 40. Nxd5 b3 41. h4 Kf7 42. Kf2 Ke6 1-0